000 00871nam a2200253Ia 4500
003 OSt
005 20220923224909.0
006 a|||||r|||| 00| 0
007 ta
008 220922b |||||||| |||| 00| 0 san d
024 _a253,331
037 _cTextual
040 _aARTS
_cARTS
_bsan
041 _2san
_asan
082 _aR65,6, 15G6
100 _aतिलक, बाल गंगाधर; सप्रे, माधवराव, अनु.
_9168256
245 0 _aरहस्य सन्जीवन
246 _aRahasya sanjīvana
260 _aपूना
_b श्रीवंत बलवंत तिलक
_c1936
300 _a292पृ0
_ccm.
650 _aधर्म
942 _hR65,6, 15G6
_cTEXL
_2CC
999 _c374481
_d374481